Представление документа в формате RUSMARC

ПолеНазваниеЗначение
  Тип записи a
  Библиографический уровень a
001 Контрольный номер RU/CBS_UL/BASE/c2b3808bfc99476a9aae2bd8cfae68a4
005 Дата корректировки 20260402145641.5
100 Данные общей обработки __
a Данные общей обработки 20260402 ||| 0rusy0189 ca
101 Язык документа 0_
a Язык текста rus
102 Страна публикации __
a Страна публикации RU
200 Заглавие и сведения об ответственности 1_
a Заглавие Герои блокадных перегонов
e Сведения, относящиеся к заглавию []
f Первые сведения об ответственности А. Замостьянов
300 Общие примечания __
a Общие примечания 12+
461 Уровень набора _0
1 2000
a Литературная газета
463 Уровень физической единицы _0
1 2000
a № 12 (25-31 март.)
v С. 30
1 2101
d 2026
1 001RU/CBS_UL/BASE/d7e9fa110f25490faaf433fa434171fe
606 Тематические рубрики 0_
a Основная рубрика Великая Отечественная война, 1941-1945 гг. - Железнодорожники
610 Ключевые слова 0_
a Ключевые слова железнодорожники; ВОВ; Великая Отечественная война; подвиги; железнодорожные войска; железнодорожные войска в ВОв
686 Индексы других классификаций __
a Классификационный индекс 63.3(2)622-2
700 Автор _1
a Фамилия Замостьянов
b Имя (инициалы) А.
801 Источник записи _0
a Страна RU
b Организация МБУК ЦБС г. Ульяновска
c Дата составления 20260402
g Правила каталогизации RCR
801 Источник записи _1
a Страна RU
b Организация МБУК ЦБС г. Ульяновска
c Дата составления 20260402
g Правила каталогизации RCR
901 Тип документа __
t Тип документа f
w Контрольный № источника RU/CBS_UL/BASE/d7e9fa110f25490faaf433fa434171fe
909 Создатель записи __
a Создатель записи mbo